La nueva regla de oro : (Record no. 94551)

MARC details
000 -LEADER
fixed length control field 00864nam a22002417a 4500
005 - DATE AND TIME OF LATEST TRANSACTION
control field 20150602142648.0
008 - FIXED-LENGTH DATA ELEMENTS--GENERAL INFORMATION
fixed length control field 150602b sp||||| |||| 00| 0 spa d
020 ## - INTERNATIONAL STANDARD BOOK NUMBER
International Standard Book Number 8449306523
050 ## - LIBRARY OF CONGRESS CALL NUMBER
Classification number HM216
Item number E79 1999
100 1# - MAIN ENTRY--PERSONAL NAME
Personal name Etzioni, Amitai
245 13 - TITLE STATEMENT
Title La nueva regla de oro :
Remainder of title comunidad y moralidad en una sociedad democratica /
Statement of responsibility, etc Amitai Etzioni ; tr.Marco Aurelio Galmarini Rodriguez
250 ## - EDITION STATEMENT
Edition statement 1a ed.
260 ## - PUBLICATION, DISTRIBUTION, ETC. (IMPRINT)
Place of publication, distribution, etc Barcelona, España :
Name of publisher, distributor, etc Paidos Iberica,
Date of publication, distribution, etc c1999
300 ## - PHYSICAL DESCRIPTION
Extent 352 p. ;
Dimensions 24 cm.
490 1# - SERIES STATEMENT
Series statement Paidos estado y sociedad ;
Volume number/sequential designation No. 66
500 ## - GENERAL NOTE
General note Traduccion de: The new Golden rule. Community and morality in a democratic society
650 #7 - SUBJECT ADDED ENTRY--TOPICAL TERM
Source of heading or term Lemb
Topical term or geographic name as entry element Ética social
650 #7 - SUBJECT ADDED ENTRY--TOPICAL TERM
Source of heading or term Lemb
Topical term or geographic name as entry element Valores sociales
650 #7 - SUBJECT ADDED ENTRY--TOPICAL TERM
Source of heading or term Lemb
Topical term or geographic name as entry element Comunitarismo
650 #7 - SUBJECT ADDED ENTRY--TOPICAL TERM
Source of heading or term Lemb
Topical term or geographic name as entry element Democracia
700 1# - ADDED ENTRY--PERSONAL NAME
Personal name Galmarini, Marco Aurelio,
Relator term tr.
942 ## - ADDED ENTRY ELEMENTS (KOHA)
Source of classification or shelving scheme Biblioteca del Cogreso de los Estados Unidos
Koha item type Libro
Holdings
Estado de pérdida Fuente de clasificación Estado del daño No para préstamo Ubicación permanente Ubicación actual Apartado o colección Fecha de adquisición Edición Área del conocimiento Clasificación Código de Barras Date last seen Número de copia Tipo de recurso
  Biblioteca del Cogreso de los Estados Unidos     Biblioteca de la Facultad de Filosofía Biblioteca de la Facultad de Filosofía General 02/06/2015 1a ed. Educación y Humanidades HM216 E79 1999 BFF000011127 02/06/2015 1 Libro